Statistics for Moved North American Sports Franchises

Click here to take the quiz!

General Stats

  • This quiz has been taken 23,748 times
    (7,118 since last reset)
  • The average score is 12 of 21

Answer Stats

Current TeamYearsAnswer% Correct
Las Vegas Raiders1960 - 1981
1995 - 2019
Oakland
93%
Los Angeles Rams1995 - 2015St. Louis
85%
Los Angeles Dodgers1932 - 1957Brooklyn
81%
Las Vegas Raiders1981 - 1995Los Angeles
77%
Los Angeles Lakers1947 - 1960Minneapolis
72%
San Francisco Giants1886 - 1957New York
72%
Oklahoma City Thunder1967 - 2008Seattle
(Supersonics)
72%
Indianapolis Colts1953 - 1983Baltimore
69%
Tennessee Titans1960 - 1996Houston (Oilers)
67%
Utah Jazz1974 - 1979New Orleans
65%
Memphis Grizzlies1995 - 2001Vancouver
65%
Washington Nationals1969 - 2004Montreal (Expos)
59%
Baltimore Ravens1950 - 1995Cleveland (Browns)
58%
Dallas Stars1967 - 1993Minnesota
49%
Atlanta Braves1912 - 1952Boston
44%
Atlanta Braves1953 - 1965Milwaukee
38%
Oakland Athletics1901 - 1954Philadelphia
37%
Golden State Warriors1946 - 1962Philadelphia
35%
Colorado Avalanche1972 - 1995Quebec
(Nordiques)
35%
Arizona Coyotes1972 - 1996Winnipeg (Jets)
32%
Oakland Athletics1955 - 1967Kansas City
26%

Score Distribution

Percentile by Number Answered

Percent of People with Each Score

Your Score History

You have not taken this quiz since the last reset